Security Management of Information-Communication Systems in Terms of Small and Medium-Sized Enterprises in the Slovak Republic
Enregistré dans:
| Auteur principal: | |
|---|---|
| Autres auteurs: | , , |
| Format: | Livre |
| Langue: | anglais |
| Publié: |
České Budějovice
Vysoká škola evropských a regionálních studií VSERS
2018
|
| Édition: | 1st Edition |
| Sujets: | |
| Tags: |
Pas de tags, Soyez le premier à ajouter un tag!
|
MARC
| LEADER | 00000nam a2200000 4500 | ||
|---|---|---|---|
| 001 | 0249397 | ||
| 005 | 20240502083710.9 | ||
| 020 | |a 978-80-7556-037-7 | ||
| 041 | 0 | |a eng | |
| 044 | |a CZ | ||
| 245 | 1 | 0 | |a Security Management of Information-Communication Systems in Terms of Small and Medium-Sized Enterprises in the Slovak Republic |c Benita Beláňová ; Reviewers: Jozef Králik, Miroslava Szarková, Anna Hamranová |
| 250 | |a 1st Edition | ||
| 264 | 1 | |a České Budějovice |b Vysoká škola evropských a regionálních studií VSERS |c 2018 | |
| 300 | |a [122 s.] [8,57 AH] | ||
| 610 | 2 | 0 | |a podnik malý |
| 610 | 2 | 0 | |a podnik stredný |
| 610 | 2 | 0 | |a systémy informačné |
| 610 | 2 | 0 | |a systémy komunikačné |
| 610 | 2 | 0 | |a bezpečnosť informačná |
| 610 | 2 | 0 | |a riadenie |
| 610 | 2 | 0 | |a projekty |
| 610 | 2 | 0 | |a ochrana informácií |
| 610 | 2 | 0 | |a programy antivírové |
| 610 | 2 | 0 | |a pošta elektronická |
| 610 | 2 | 0 | |a monitoring |
| 610 | 2 | 0 | |a metódy výskumu |
| 610 | 2 | 0 | |a firmy |
| 610 | 2 | 0 | |a Slovensko |
| 100 | 1 | |a Beláňová, Benita, 1973- | |
| 700 | 1 | |a Králik, Jozef | |
| 700 | 1 | |a Szarková, Miroslava, 1951- | |
| 700 | 1 | |a Hamranová, Anna, 1957- | |